000 00625nam a2200217Ia 4500
003 OSt
005 20230623151659.0
008 210423s2012 xx 000 0 und d
020 _a978-93-82178-03-3
040 _cAL
041 _aeng
082 _a822.9109 MUKP
100 _aMUKHERJEE (Tutun)
_9111347
245 _aPlays of Mahesh Dattani: an anthology of recent criticism
260 _aNew Delhi
_bPencraft international
_c2012
300 _a280
_bHB
365 _b750
_cINR
650 _aEnglish Criticism
_9111348
906 _aan ; anthology ; criticism ; Dattani: ; Mahesh ; Plays ; recent
942 _2ddc
_cBK
999 _c167959
_d167959